Tarragona musical (Record no. 28466)

MARC details
000 -LEADER
campo de control de longitud fija 00531nam a2200157 i 4500
001 - NÚMERO DE CONTROL
campo de control 28466
003 - IDENTIFICADOR DE NÚMERO DE CONTROL
campo de control ES-MaACL
005 - FECHA Y HORA DE LA ÚLTIMA TRANSACCIÓN
campo de control 20230906153847.0
007 - CAMPO FIJO DE DESCRIPCIÓN FÍSICA--INFORMACIÓN GENERAL
campo de control de longitud fija t|
008 - DATOS DE LONGITUD FIJA--INFORMACIÓN GENERAL
campo de control de longitud fija 030117s1969 sp ||||1| spa d
100 1# - ENTRADA PRINCIPAL--NOMBRE DE PERSONA
Nombre de persona Baixauli Morales, Eduardo.
9 (RLIN) 24748
245 10 - MENCIÓN DEL TÍTULO
Título Tarragona musical
Resto del título : (un siglo de vida artística, 1850-1950) /
Mención de responsabilidad, etc. Eduardo Baixauli Morales.
260 ## - PUBLICACIÓN, DISTRIBUCIÓN, ETC.
Lugar de publicación, distribución, etc. Tarragona :
Nombre del editor, distribuidor, etc. [s.n.,
Fecha de publicación, distribución, etc. 1969] (
Lugar de fabricación/manufactura Tarragona :
Fabricante Autor. Suc. Torres y Virgili)
300 ## - DESCRIPCIÓN FÍSICA
Extensión 214 p., 1-12 lám. ;
Dimensiones 25 CM.
852 ## - LOCALIZACIÓN
Ubicación ES-MaACL
Número de control de estantería C-35777
Sublocalización o colección R.69482
Holdings
Estatus retirado Estado de pérdida Estado de daño No para préstamo Biblioteca de origen Biblioteca actual Ubicación en estantería Fecha de adquisición Fuente de adquisición Total de préstamos Signatura topográfica completa Código de barras Visto por última vez Precio de reemplazo Tipo de ítem Koha
        Biblioteca del Ateneo de Madrid Biblioteca del Ateneo de Madrid Depósito 2 17/01/2008     C-35777 1029387 23/02/2023 23/02/2023 Libro impreso